000 00683nam a22002057a 4500
005 20240530110912.0
008 220209s ua a b 000 0 ara d
017 _bمصر. دار الكتب
040 _aEG-CaGPL
_cEG-CaGPL
082 0 4 _221
_a401/
_bع ل
100 0 _aعلى عبدالوحد وافى
245 1 0 _aاللغة والمجتمع /
_cعلى عبدالوحد وافى
250 _aط.1
260 _aالقاهرة :
_bدار نهضة مصر للطبع والنشر ،
_cد.ت
300 _a239ص؛
_c22 سم
650 0 7 _2qrmak
_aعلم اللغة
650 0 7 _2qrmak
_aصراع اللغات
942 _2ddc
_cBK
999 _c66337
_d66337